000 00657nam a22001937a 4500
999 _c188323
_d188323
005 20220518164820.0
010 _aUR-11565
020 _c300.00
_a9788194178385
035 _aU-10120
037 _bDBAD/PUB
_a-
082 _a841
_2Ist
100 _aا نو ر سليم
245 _aر م جھم نو ر ا نی
_c ا نو ر سليم
_hا ر د و
246 _bRim Jhim Noorani (Urdu)
_aby Anwar Saleem
260 _aTilangana
_bAl-Ansar Publications
_c2019 ء
270 _a# 18-8-253/36/A,Jamal Colony,Riyasat Nagar,
_bHyderabad
_e500059
_k09391301192
_l-
300 _a192 ص
_c22 Cm(Hb)
942 _2ddc
_cUR
_h841
_mا ن و